01241na a2200313 450000100060000000300080000600500170001400800410003102000150007203500100008704000250009704100080012208200320013009000310016211000470019324500970024026000640033730000370040149000270043865000320046565000430049765000370054065000490057765000420062694200130066895201130068195201180079499900150091215701MIRAKIL20181213155113.0161006b tu 000 0  a9757217174 a15701 aMilasbturcTR-AnCHP atur a346.0302642 1998bT53t 1999 a346.0302642 1998 T53t 1999 aTürkiye İnsan Hakları Vakfı (TİHV) aTedavi ve rehabilitasyon merkezleri raporub1998cTürkiye İnsan Hakları Vakfı (TİHV) aAnkarabTürkiye İnsan Hakları Vakfı Yayınlarıc1999 a79 s.btbl. grf. , res.c22 sm. aTİHV yayınlarıv19 aİşkencexRehabilitasyon aİşkencexFiziksel rahatsızlıklar aİşkencexRaporlarzTürkiye aİnsan hakları ihlalixRaporlarzTürkiye aİnsan haklarıxRaporlarzTürkiye 2ddccBKS a0001b0001d2016-09-21e2l0o346.0302642 1998 T53t 1999p003974r2016-09-21 00:00:00v0.00w2016-09-21yBKS a0001b0001d2016-09-21e2l0o346.0302642 1998 T53t 1999p003975r2016-09-21 00:00:00tk.2v0.00w2016-09-21yBKS c6623d6623